| 000 | 00702cam a2200229 4500 | ||
|---|---|---|---|
| 008 | #DATE n1995 000 0 eng u | ||
| 020 | _a0113217749 | ||
| 035 | _a(Sirsi) u121313 | ||
| 041 | _aeng | ||
| 110 |
_aNHS Estates _92893 |
||
| 245 | _aGuide to contract strategies for construction projects in the NHS. | ||
| 260 |
_aLondon _bHMSO _c1995 |
||
| 300 |
_a28p. _c30cm. |
||
| 350 | _a20 | ||
| 520 | _aForms part of the "Concode" set of documents . | ||
| 650 | _aBUILT ENVIRONMENT-BUILDING CONTRACT FORMS | ||
| 650 | _aCONTRACT STRATEGIES | ||
| 650 | _aNATIONAL HEALTH SERVICE | ||
| 650 |
_aProject management _96261 |
||
| 690 | _aBUILT ENVIRONMENT-BUILDING CONTRACT FORMS | ||
| 942 | _n0 | ||
| 999 |
_c102654 _d102654 |
||